00723nam a22002057a 450000500170000001000150001702000260003203500140005803700090007208200120008110000420009324500490013525000060018426000420019027000580023230000200029094200260031099900190033695201620035520250604153529.0 aENG-145185 c100.00a9789383516018 aEN-128717 bDBAD a181.499 aRajagopalachari, Parthasarathi98168300aMy Master/cby Parthasarathi Rajagopalachari a3 aIndiabShri Ram Chandra Missionc2014 aShri Ram Chandra Mission, ManapakkambChennaie600125 a213p.c22cm(pb) 2ddccENmRAJh181.499 c211597d211597 001040708NFICaRC3SPbRC3SPd2025-06-04eDelivery of Books Act Divisiong100.00l0oRAJ 181.499pEN-128717r2025-06-04 00:00:00t1v100.00w2025-06-04yEN